| Поле | Название | Значение |
| |
Тип записи |
a |
| |
Библиографический уровень |
m |
| 001 |
Контрольный номер |
RU\infra-m\znanium\bibl\2236868 |
| 005 |
Дата корректировки |
20260429142123.1 |
| 008 |
Кодируемые данные |
260120s2025 RU g rus u |
| 020 |
Индекс ISBN |
__ |
| a |
ISBN |
978-5-9614-9345-0 |
| 040 |
Источник каталогиз. |
__ |
| a |
Служба первич. каталог. |
Общество с ограниченной ответственностью «ЗНАНИУМ» |
| 041 |
Код языка издания |
__ |
| a |
Код языка текста |
rus |
| 044 |
Код страны публикации |
__ |
| a |
Код страны публикации |
RU |
| 080 |
Индекс УДК |
__ |
| a |
Индекс УДК |
929 |
| 084 |
Индекс другой классификации/Индекс ББК |
__ |
| 2 |
Источник индекса |
rubbk |
| a |
Индекс другой классификации/Индекс ББК |
842 |
| 100 |
Автор |
__ |
| a |
Автор |
Кандаурова Л. |
| q |
Полное имя |
Кандаурова Ляля |
| 245 |
Заглавие |
__ |
| a |
Заглавие |
Чему я могу научиться у Сергея Рахманинова |
| b |
Продолж. заглавия |
Научно-популярная литература |
| 250 |
Сведения об издании |
__ |
| a |
Основные сведения об издании |
1 |
| 260 |
Выходные данные |
__ |
| a |
Место издания |
Москва |
| b |
Издательство |
ООО "Альпина Паблишер" |
| c |
Дата издания |
2026 |
| 300 |
Физическое описание |
__ |
| a |
Объем |
48 с. |
| 440 |
Серия |
__ |
| a |
Серия |
Уроки из жизни |
| 520 |
Аннотация |
__ |
| a |
Аннотация |
Сергей Рахманинов — гениальный русский композитор пианист и дирижёр один из самых выдающихся музыкальных деятелей XX века. Его произведения отличаются удивительной красотой эмоциональностью и мощью; их знают и любят во всём мире. Вместе с тем Рахманинов — человек необычайно яркой и интересной судьбы. В школьные годы его едва не отчислили за неуспеваемость зато позже он с блеском окончил консерваторию. Его дебютную оперу высоко оценил сам Пётр Ильич Чайковский но Первую симфонию жестоко разгромили критики. Будучи прославленным и успешным композитором в 44 года Рахманинов вместе со своей семьёй покинул Россию в разгар революционных потрясений. Он так и не смог вернуться на родину хотя всегда считал и себя самого и своё искусство глубоко русским по духу. Рахманинову пришлось заново строить жизнь в эмиграции. Он стал настоящей мировой звездой — не только благодаря своему феноменальному таланту но и потому что обладал неординарной самодисциплиной умел не опускать руки и понимал ценность своего гения. Эта краткая иллюстрированная биография расскажет о жизни великого композитора и мотивирующих уроках которые можно из неё извлечь. Для детей от 6 лет. |
| 521 |
Примеч. о цел. назн. |
__ |
| a |
Примеч. о целев. назн. |
Дополнительное образование детей |
| 650 |
Тематические рубрики |
__ |
| a |
Основная рубрика |
Художественная литература. Досуг |
| x |
Основная подрубрика |
Детская научно-популярная и справочная литература |
| 655 |
Указ. предметных рубрик (устаревшее) |
__ |
| a |
Жанр/ форма (устаревшее) |
Научно-популярная литература |
| 856 |
Электронный адрес документа |
4_ |
| a |
Имя сервера/домена |
znanium.ru |
| m |
Помощь |
ebs_support@infra-m.ru |
| n |
Местонахождение сервера |
НИЦ ИНФРА-М |
| u |
URL |
https://znanium.ru/catalog/document?id=474641 |
| 856 |
Электронный адрес документа |
48 |
| a |
Имя сервера/домена |
znanium.ru |
| d |
Путь |
/cover/2236 |
| f |
Электронное имя |
2236868.jpg |
| q |
Тип электронного формата |
image/jpeg |
| u |
URL |
https://znanium.ru/cover/2236/2236868.jpg |
| 911 |
|
__ |
| u |
|
0030=https://znanium.ru/catalog/document?id=474641 |